Uncle /
Relates various adventures of Uncle, the millionaire elephant, who rules over the kingdom of Homeward while wearing a purple dressing gown.
| Main Author: | |
|---|---|
| Other Authors: | |
| Format: | Book |
| Language: | English |
| Published: |
New York :
New York Review Books,
[2007]
|
| Series: | New York Review children's collection.
|
| Subjects: | |
| Online Access: | Contributor biographical information Publisher description |
MARC
| Tag | First Indicator | Second Indicator | Subfields |
|---|---|---|---|
| LEADER | 00000cam a2200000 a 4500 | ||
| 001 | in00002532221 | ||
| 005 | 20151113130655.0 | ||
| 008 | 070319r20071964nyua j 000 1 eng | ||
| 010 | |a 2007006746 | ||
| 020 | |a 9781590172391 (alk. paper) | ||
| 020 | |a 1590172396 (alk. paper) | ||
| 029 | 1 | |a IG# |b 9781590172391 | |
| 029 | 1 | |a AU@ |b 000041498170 | |
| 029 | 1 | |a NZ1 |b 11587264 | |
| 035 | |a (OCoLC)ocn105425946 | ||
| 035 | |a (OCoLC)105425946 | ||
| 040 | |a DLC |c DLC |d IG# |d BAKER |d BTCTA |d YDXCP |d UPZ |d OCLCG |d UtOrBLW | ||
| 042 | |a lcac | ||
| 049 | |a TXAM | ||
| 050 | 0 | 0 | |a PZ7.M36317 |b Un 2007 |
| 082 | 1 | 4 | |a [Fic] |2 22 |
| 100 | 1 | |a Martin, J. P. |q (John Percival) | |
| 245 | 1 | 0 | |a Uncle / |c J.P. Martin ; illustrations by Quentin Blake. |
| 264 | 1 | |a New York : |b New York Review Books, |c [2007] | |
| 300 | |a 160 pages : |b illustrations ; |c 23 cm. | ||
| 336 | |a text |b txt |2 rdacontent | ||
| 337 | |a unmediated |b n |2 rdamedia | ||
| 338 | |a volume |b nc |2 rdacarrier | ||
| 490 | 1 | |a New York Review children's collection | |
| 520 | |a Relates various adventures of Uncle, the millionaire elephant, who rules over the kingdom of Homeward while wearing a purple dressing gown. | ||
| 650 | 1 | |a Elephants |v Fiction. | |
| 650 | 1 | |a Kings, queens, rulers, etc. |v Fiction. | |
| 650 | 1 | |a Castles |v Fiction. | |
| 650 | 1 | |a Animals |v Fiction. | |
| 650 | 1 | |a Humorous stories. | |
| 650 | 0 | |a Elephants |v Juvenile fiction. | |
| 700 | 1 | |a Blake, Quentin, |e illustrator. | |
| 830 | 0 | |a New York Review children's collection. | |
| 856 | 4 | 2 | |3 Contributor biographical information |u http://www.loc.gov/catdir/enhancements/fy0713/2007006746-b.html |t 0 |
| 856 | 4 | 2 | |3 Publisher description |u http://www.loc.gov/catdir/enhancements/fy0713/2007006746-d.html |t 0 |
| 938 | |a Ingram |b INGR |n 9781590172391 | ||
| 938 | |a Baker & Taylor |b BKTY |c 16.95 |d 12.71 |i 1590172396 |n 0006988815 |s active | ||
| 938 | |a Baker and Taylor |b BTCP |n 2007006746 | ||
| 938 | |a YBP Library Services |b YANK |n 2727986 | ||
| 945 | |a PromptCat |b 862356 | ||
| 946 | |a curr | ||
| 947 | |a A14840016771 | ||
| 948 | |a cataloged |b h |c 2010/1/11 |d c |e ceaton |f 2:27:07 pm | ||
| 994 | |a 92 |b TXA | ||
| 999 | |a MARS | ||
| 999 | f | f | |s c8b55661-91f1-36b8-b980-b554e78f7807 |i e0cff625-1d10-3892-b82b-d939e4a31e07 |t 0 |
| 952 | f | f | |p normal |a Texas A&M University |b College Station |c Sterling C. Evans Library |d Evans: Curriculum Collection (4th floor) |t 0 |e PZ7.M36317 Un 2007 |h Library of Congress classification |i unmediated -- volume |m A14840016771 |
| 998 | f | f | |a PZ7.M36317 Un 2007 |t 0 |l Evans: Curriculum Collection (4th floor) |